The complete measurer (Record no. 113483)
[ view plain ]
| 000 -LEADER | |
|---|---|
| fixed length control field | 01447cam a22001815a 4500 |
| 001 - CONTROL NUMBER | |
| control field | L155335 |
| 008 - FIXED-LENGTH DATA ELEMENTS--GENERAL INFORMATION | |
| fixed length control field | 120319s1751 xxk f 000 0 eng d |
| 035 ## - SYSTEM CONTROL NUMBER | |
| System control number | (Sirsi) u155335 |
| 041 0# - LANGUAGE CODE | |
| Language code of text/sound track or separate title | eng |
| 100 1# - MAIN ENTRY--PERSONAL NAME | |
| Personal name | Hawney, William |
| Dates associated with a name | fl. 1710-1750 |
| 245 04 - TITLE STATEMENT | |
| Title | The complete measurer |
| Remainder of title | or, the whole art of measuring. In two parts. The first part teaching decimal arithmetic, with the Extraction of the Square and Cube Roots. And also the Multiplication of Feet and Inches, commonly called Cross-Multiplication. The second part teaching to measure all sorts of superficies and solids, by Decimals, by Cross-Multiplication, and by Scale and Compasses: Also the Works of several Artificers, relating to Building; and the Measuring of Board and Timber. Shewing the common Errors. And some Practical Questions. The eighth edition. To which is added, an appendix, 1. Of Gauging. 2. Of Land-Measuring. Very useful for all Tradesmen, especially Corpenters, Bricklayers, Plasterers, Painters, Joiners, Glasiers, Masons, &c. By William Hawney, Philomath. Recommended by the Rev. Dr. John Harris, F. R. S. |
| 260 ## - PUBLICATION, DISTRIBUTION, ETC. | |
| Place of publication, distribution, etc. | London |
| Name of publisher, distributor, etc. | printed for R. Ware, J. and P. Knapton, S. Birt, T. Longman, C. Hitch, J. Hodges, S. Austen, J. and J. Rivington, and J. Ward |
| Date of publication, distribution, etc. | M.DCC.LI. [1751] |
| 300 ## - PHYSICAL DESCRIPTION | |
| Extent | ix, [3], 346, [2] p. |
| Other physical details | ill. |
| Dimensions | 12o |
| 583 ## - ACTION NOTE | |
| Action | Condition reviewed |
| Time/date of action | 20120620 |
| Status | condition level 1 |
| 651 #4 - SUBJECT ADDED ENTRY--GEOGRAPHIC NAME | |
| Geographic name | Great Britain |
| Chronological subdivision | 1707- |
| 690 ## - LOCAL SUBJECT ADDED ENTRY--TOPICAL TERM (OCLC, RLIN) | |
| Topical term or geographic name as entry element | Measurement |
| 9 (RLIN) | 6256 |
| 942 ## - ADDED ENTRY ELEMENTS (KOHA) | |
| Suppress in OPAC | 0 |
| Withdrawn status | Lost status | Source of classification or shelving scheme | Damaged status | Not for loan | Home library | Current library | Shelving location | Date acquired | Total Checkouts | Full call number | Barcode | Date last seen | Copy number | Price effective from | Koha item type |
|---|---|---|---|---|---|---|---|---|---|---|---|---|---|---|---|
| Dewey Decimal Classification | Historic collection | Historic collection | Historic collection | 19/03/2012 | OCTAVO 1751 HAWNEY | 30075863 | 06/08/2019 | 1 | 06/08/2019 | Book |